Une semaine de bonté: a surrealistic novel in collage
Saved in:
| Hovedforfatter: | |
|---|---|
| Format: | Bog |
| Sprog: | engelsk |
| Udgivet: |
Nueva York
Dover Publications
1976
|
| Fag: | |
| Tags: |
Tilføj Tag
Ingen Tags, Vær først til at tagge denne postø!
|
MARC
| LEADER | 00000nam a2200000 a 4500 | ||
|---|---|---|---|
| 001 | UCY3890 | ||
| 003 | CL-VaPUC | ||
| 008 | 950120e19760000US |||||||||||||||||eng|d | ||
| 082 | 0 | 4 | |a 759.06 |b ERN |2 21 |
| 100 | 0 | |a Ernst, Max |e author |9 322949 | |
| 245 | 1 | 4 | |a Une semaine de bonté: a surrealistic novel in collage |
| 300 | |a 208 p | ||
| 942 | |c BK | ||
| 945 | |d 19950120 00:00:00 |a oaravena | ||
| 260 | |a Nueva York |b Dover Publications |c 1976 | ||
| 600 | 0 | 7 | |a ERNST, MAX |2 CL-VaPUC |9 322949 |
| 650 | 0 | |a Surrealismo |9 265502 | |
| 583 | |a last modification |c 19950120 00:00:00 |k Rodrigo Vera | ||
| 999 | |c 231928 |d 231926 | ||
| 952 | |0 0 |1 0 |4 0 |6 759_060000000000000_ERN_1976 |7 0 |8 R |9 235768 |a BIBART |b BIBART |d 2019-11-15 |i 3054705 |l 1 |o 759.06 ERN 1976 |p 3054705 |q 2025-05-12 |r 2025-05-09 |s 2025-05-09 |w 2019-11-15 |y BK_R |k ART | ||